Využitie objektovo orientovaného jazyka PHP5 pri vývoji DB aplikácie bakalárska práca
Enregistré dans:
| Auteur principal: | |
|---|---|
| Collectivité auteur: | |
| Autres auteurs: | |
| Format: | Livre |
| Langue: | slovaque |
| Publié: |
Bratislava
2013
|
| Tags: |
Pas de tags, Soyez le premier à ajouter un tag!
|
MARC
| LEADER | 00000nbm a2200000 4500 | ||
|---|---|---|---|
| 001 | 0176341 | ||
| 005 | 20170209112913.9 | ||
| 041 | 0 | |a slo | |
| 044 | |a SK | ||
| 245 | 1 | 0 | |a Využitie objektovo orientovaného jazyka PHP5 pri vývoji DB aplikácie |b bakalárska práca |c Martin Trubíni ; školiteľ: Peter Škurla |
| 264 | 1 | |a Bratislava |c 2013 | |
| 300 | |a 47 s. | ||
| 100 | 1 | |a Trubíni, Martin | |
| 700 | 1 | |a Škurla, Peter | |
| 710 | 2 | |a Fakulta hospodárskej informatiky EU. Katedra aplikovanej informatiky | |